Dualismo o pluralismo cultural en Bolivia : (Record no. 1240)

000 -CABECERA
fixed length control field 01069nam a22002537a 4500
003 - IDENTIFICADOR DEL NÚMERO DE CONTROL
control field AR-CdUCM
008 - DATOS DE LONGITUD FIJA--INFORMACIÓN GENERAL
fixed length control field 190226b ||||| |||| 00| 0 spa d
040 ## - FUENTE DE LA CATALOGACIÓN
Agencia/entidad que catalogó originalmente la obra MUNICIPALIDAD PROVINCIAL DEL CUSCO
Entidad que transcribió la catalogación BIBLIOTECA MUNICIPAL DEL CUSCO
082 ## - NÚMERO DE LA CLASIFICACIÓN DECIMAL DEWEY
No. de Clasificación 303 /
Notacion interna D84
100 ## - ENTRADA PRINCIPAL--NOMBRE DE PERSONA
Nombre Personal Mesa redonda sobre expresiones de la cultura boliviana en el lapso 1925-1974
245 ## - MENCIÓN DE TÍTULO
Título Dualismo o pluralismo cultural en Bolivia :
Resto del título análisis de la cultura criolla /
260 ## - PUBLICACIÓN, DISTRIBUCIÓN, ETC.
Lugar de publicación, distribución, etc. La Paz :
Nombre de la editorial, distribuidor, etc. Casa Municipal de la Cultura Franz Tamayo,
Fecha de publicación, distribución, etc. 1977.
300 ## - DESCRIPCIÓN FÍSICA
Nº de Páginas Extensión 256 páginas ;
Dimensiones 24 cm.
440 ## - MENCIÓN DE SERIE/PUNTO DE ACCESO ADICIONAL--TÍTULO
Título Biblioteca Paceña. Nueva Serie
9 (RLIN) 4832
505 ## - NOTA DE CONTENIDO CON FORMATO
Nota de contenido formateada Tomo 2
650 ## - PUNTO DE ACCESO ADICIONAL DE MATERIA--TÉRMINO DE MATERIA
Descriptor Congresos
9 (RLIN) 2448
650 ## - PUNTO DE ACCESO ADICIONAL DE MATERIA--TÉRMINO DE MATERIA
Descriptor Recursos Naturales
9 (RLIN) 1988
650 ## - PUNTO DE ACCESO ADICIONAL DE MATERIA--TÉRMINO DE MATERIA
Descriptor Cultura boliviana
9 (RLIN) 4833
650 ## - PUNTO DE ACCESO ADICIONAL DE MATERIA--TÉRMINO DE MATERIA
Descriptor Desarrollo de Bolivia
9 (RLIN) 4834
700 ## - PUNTO DE ACCESO ADICIONAL--NOMBRE DE PERSONA
Nombre Personal Casa Municipal de la Cultura Franz Tamayo
9 (RLIN) 4835
942 ## - ELEMENTOS DE PUNTO DE ACCESO ADICIONAL (KOHA)
Fuente de clasificación
Tipo de item Libros-BMC
945 ## - PROCESAMIENTO DE INFORMACIÓN LOCAL (OCLC)
Catalogador raen
AAAA-MM-DD - Fecha de ingreso o modificacion 2019-02-26
Holdings
Estado de retiro (separado) Fuente de clasificación o esquema de estanterías Estado dañado Ubicación Sala donde se ubica Nombre de la colección Fecha de adquisición o compra Costo, precio normal en soles Signatura topográfica Código de Barras Última vez visto (Koha) Tipo de ítem (Koha) Número de Ejemplar
No     Sala Humanidades Sala Humanidades Book Cart 2019-02-26 45.00 303 / D84 / t.2 SH0000001453 2019-02-26 Libros-BMC  
No     Sala Humanidades Sala Humanidades Book Cart 2019-02-26 45.00 303 / D84 / t.2 SH0000001475 2019-02-26 Libros-BMC 2 ej.

Powered by Koha